00302nam a2200121Ia 4500008004100000100001600041245003100057260003900088300000900127650002000136942000700156999001700163190216s9999||||xx |||||||||||||| ||und|| aIsmail Wafa 0aArinhirikkaenda Niyamangal bPoomkavanam Books Publishersc1993 a100p aIslamic History cBK c22350d22350